[Event "Titled Tuesday intern op 21st April"]
[Site "Chess.com INT"]
[Date "2020.04.21"]
[Round "3"]
[White "Gradalski, Przemyslaw"]
[Black "Zylka, Stanislaw"]
[Result "0-1"]
[WhiteElo "2198"]
[BlackElo "2377"]
[PlyCount "22"]
[EventDate "2020.04.21"]
[EventType "swiss (blitz)"]
[EventRounds "10"]
[EventCountry "USA"]
[SourceTitle "EXT 2021"]
[Source "ChessBase"]
[SourceDate "2020.10.23"]
[SourceVersion "1"]
[SourceVersionDate "2020.10.23"]
[SourceQuality "1"]

1. e4 g6 2. d4 Bg7 3. Nc3 a6 4. Be3 b5 5. a3 Bb7 6. Qd2 d6 7. h4 h6 8. Bd3 Nd7 9. 0-0-0 c5 10. f4 cxd4 11. Nce2 dxe3 0-1

[Event "Titled Tuesday intern op 21st April"]
[Site "Chess.com INT"]
[Date "2020.04.21"]
[Round "2"]
[White "Perera Alfonso, Rene Humberto"]
[Black "Gradalski, Przemyslaw"]
[Result "1-0"]
[WhiteElo "2354"]
[BlackElo "2198"]
[PlyCount "57"]
[EventDate "2020.04.21"]
[EventType "swiss (blitz)"]
[EventRounds "10"]
[EventCountry "USA"]
[SourceTitle "EXT 2021"]
[Source "ChessBase"]
[SourceDate "2020.10.23"]
[SourceVersion "1"]
[SourceVersionDate "2020.10.23"]
[SourceQuality "1"]

1. e4 e6 2. d4 d5 3. Nc3 Nc6 4. Bb5 Nf6 5. e5 Nd7 6. f4 a6 7. Bxc6 bxc6 8. Nf3 c5 9. 0-0 Be7 10. Kh1 Bb7 11. Ne2 cxd4 12. Nexd4 c5 13. Ne2 Qb6 14. c3 h6 15. Ng3 0-0 16. f5 f6 17. fxe6 Qxe6 18. exf6 Bxf6 19. Re1 Qd6 20. Nf5 Qc7 21. Ne7+ Bxe7 22. Rxe7 Qd6 23. Qe2 d4 24. cxd4 Bxf3 25. gxf3 cxd4 26. Bd2 Nc5 27. Rg1 Qf6 28. Rexg7+ Qxg7 29. Qc4+ 1-0

[Event "POL-chT2 South"]
[Site "Ustron"]
[Date "2001.09.??"]
[Round "?"]
[White "Fudalej, Michal"]
[Black "Gradalski, Przemyslaw"]
[Result "1-0"]
[WhiteElo "2251"]
[BlackElo "2232"]
[PlyCount "60"]
[EventDate "2001.09.14"]
[EventType "team-swiss"]
[EventRounds "10"]
[EventCountry "POL"]
[SourceTitle "EXT 2019"]
[Source "ChessBase"]
[SourceDate "2018.10.10"]
[SourceVersion "1"]
[SourceVersionDate "2018.10.10"]
[SourceQuality "1"]

1. Nf3 d5 2. g3 Nf6 3. Bg2 c6 4. b3 Bf5 5. Bb2 e6 6. 0-0 Be7 7. d3 h6 8. Nbd2 0-0 9. Qe1 Bh7 10. e4 Na6 11. Qe2 Nb4 12. Ne1 Nd7 13. Kh1 a5 14. a3 Na6 15. f4 Bf6 16. e5 Be7 17. g4 Kh8 18. f5 f6 19. fxe6 Nxe5 20. Bxe5 fxe5 21. Nef3 e4 22. Ne5 Qe8 23. dxe4 d4 24. Qc4 Nc7 25. Rxf8+ Qxf8 26. Rf1 Qe8 27. Nf7+ Kg8 28. Nd6 Bxd6 29. e7+ Kh8 30. Rf8+ Qxf8 1-0

[Event "POL-chT 55th"]
[Site "Suwalki"]
[Date "1999.09.27"]
[Round "10"]
[White "Weglarz, Leszek"]
[Black "Gradalski, Przemyslaw"]
[Result "1/2-1/2"]
[WhiteElo "2400"]
[BlackElo "2309"]
[PlyCount "82"]
[EventDate "1999.09.18"]
[EventType "team-tourn"]
[EventRounds "11"]
[EventCountry "POL"]
[SourceTitle "EXT 2019"]
[Source "ChessBase"]
[SourceDate "2018.10.10"]
[SourceVersion "1"]
[SourceVersionDate "2018.10.10"]
[SourceQuality "1"]
[WhiteTeam "Poznan Pocztowiec"]
[BlackTeam "Raciborz Rzemioslo"]
[WhiteTeamCountry "POL"]
[BlackTeamCountry "POL"]

1. e4 e6 2. d4 d5 3. exd5 exd5 4. c4 Nf6 5. Nc3 Be7 6. Bd3 dxc4 7. Bxc4 0-0 8. Nge2 c6 9. 0-0 Nbd7 10. a3 Nb6 11. Bd3 Be6 12. Re1 c5 13. Bg5 Rc8 14. h3 h6 15. Bh4 Nc4 16. Bxc4 Bxc4 17. Rc1 Re8 18. dxc5 g5 19. Bg3 Bxc5 20. Qxd8 Rcxd8 21. Na4 Rxe2 22. Rxe2 Bxe2 23. Nxc5 b6 24. Nb7 Rd1+ 25. Rxd1 Bxd1 26. Nd6 a6 27. Be5 Nd5 28. Ne4 Bc2 29. Nf6+ Nxf6 30. Bxf6 Kh7 31. f3 Kg6 32. Bd4 b5 33. Kf2 a5 34. Bc3 a4 35. Bd4 Bd3 36. Kg3 Bc4 37. h4 gxh4+ 38. Kxh4 h5 39. Kg3 Kf5 40. Kf2 Bd3 41. Kg3 Bc4 1/2-1/2

[Event "MK Cafe Cup-B"]
[Site "Koszalin"]
[Date "1999.08.08"]
[Round "6"]
[White "Szelag, Marcin"]
[Black "Gradalski, Przemyslaw"]
[Result "1-0"]
[WhiteElo "2389"]
[BlackElo "2309"]
[PlyCount "73"]
[EventDate "1999.08.03"]
[EventType "swiss"]
[EventRounds "10"]
[EventCountry "POL"]
[SourceTitle "EXT 2000"]
[Source "ChessBase"]
[SourceDate "1999.11.16"]
[SourceVersion "1"]
[SourceVersionDate "1999.11.16"]
[SourceQuality "1"]

1. e4 e6 2. d4 d5 3. Nc3 Nf6 4. e5 Nfd7 5. f4 c5 6. Nf3 Nc6 7. Be3 a6 8. Qd2 b5 9. dxc5 Bxc5 10. Bxc5 Nxc5 11. Qf2 Qb6 12. Bd3 b4 13. Ne2 a5 14. 0-0 Ba6 15. Kh1 Ne7 16. b3 Rc8 17. Rad1 a4 18. Nfd4 Bxd3 19. cxd3 axb3 20. axb3 0-0 21. g4 Nd7 22. Qh4 Nc6 23. Nf3 f6 24. d4 Ne7 25. Rd2 Rc7 26. Qh5 Re8 27. f5 Rc3 28. Nxc3 bxc3 29. Rc2 g6 30. fxg6 hxg6 31. Qh4 Qxb3 32. exf6 Qxc2 33. Ng5 Nxf6 34. Rxf6 Qc1+ 35. Kg2 Qd2+ 36. Rf2 Qxf2+ 37. Kxf2 1-0

[Event "POL-ch U26"]
[Site "Warsaw"]
[Date "1999.??.??"]
[Round "?"]
[White "Delega, Tomasz"]
[Black "Gradalski, Przemyslaw"]
[Result "1-0"]
[WhiteElo "2081"]
[BlackElo "2309"]
[PlyCount "60"]
[EventDate "1999.??.??"]
[EventType "swiss"]
[EventRounds "9"]
[EventCountry "POL"]
[SourceTitle "EXT 2002"]
[Source "ChessBase"]
[SourceDate "2001.11.25"]
[SourceVersion "1"]
[SourceVersionDate "2001.11.25"]
[SourceQuality "1"]

1. e4 e6 2. d4 d5 3. e5 c5 4. c3 Nc6 5. Nf3 Bd7 6. a3 f6 7. exf6 Nxf6 8. Bd3 Bd6 9. dxc5 Bxc5 10. b4 Bd6 11. c4 0-0 12. 0-0 Ne5 13. cxd5 Nxf3+ 14. Qxf3 exd5 15. Bg5 Qc7 16. h3 Ne4 17. Qe3 h6 18. Bxe4 dxe4 19. Qb3+ Kh7 20. Be3 Rae8 21. Qc3 Qb8 22. Nd2 Bb5 23. Rfc1 Bd3 24. Nc4 Bf4 25. Qd4 b5 26. Bxf4 Qxf4 27. Nb2 Be2 28. Rc2 Bh5 29. a4 bxa4 30. Nxa4 e3 1-0

[Event "POL-chT disctrict"]
[Site "Slask"]
[Date "1996.??.??"]
[Round "?"]
[White "Gradalski, Przemyslaw"]
[Black "Dawidow, Jacek"]
[Result "1-0"]
[WhiteElo "2220"]
[BlackElo "2370"]
[PlyCount "95"]
[EventDate "1996.??.??"]
[EventType "team"]
[EventRounds "12"]
[EventCountry "POL"]
[SourceTitle "EXT 2001"]
[Source "ChessBase"]
[SourceDate "2000.11.22"]
[SourceVersion "1"]
[SourceVersionDate "2000.11.22"]
[SourceQuality "1"]

1. e4 d6 2. d4 Nf6 3. f3 Nc6 4. Be3 e5 5. d5 Ne7 6. c4 c5 7. dxc6 bxc6 8. Nc3 c5 9. Nd5 Nc6 10. Ne2 Be7 11. Nec3 0-0 12. Qd2 Nd4 13. Bd3 Nxd5 14. Nxd5 Bh4+ 15. Kd1 Qd7 16. Bxd4 cxd4 17. Ke2 Qd8 18. g3 Bg5 19. Qc2 h5 20. h4 Bh6 21. Rag1 g5 22. Qd2 Kg7 23. hxg5 Bxg5 24. f4 Bg4+ 25. Kf1 Bh6 26. Be2 f5 27. Bxg4 hxg4 28. Qh2 Rh8 29. exf5 Qc8 30. f6+ Kf8 31. Qc2 e4 32. Qxe4 Qxc4+ 33. Kf2 Re8 34. Ne7 Rb8 35. b3 Qa6 36. Ng6+ Kf7 37. Nxh8+ Rxh8 38. Qe7+ Kg6 39. Rxh6+ Rxh6 40. Qg7+ Kf5 41. Qg5+ Ke4 42. Re1+ Kd3 43. Qxh6 Qxa2+ 44. Kf1 Qxb3 45. Qg6+ Kd2 46. Qxg4 d3 47. f7 Qxf7 48. Qc8 1-0

[Event "POL-chT disctrict"]
[Site "Slask"]
[Date "1996.??.??"]
[Round "?"]
[White "Gradalski, Przemyslaw"]
[Black "Waniek, Erwin"]
[Result "1-0"]
[WhiteElo "2220"]
[BlackElo "2040"]
[PlyCount "61"]
[EventDate "1996.??.??"]
[EventType "team"]
[EventRounds "12"]
[EventCountry "POL"]
[SourceTitle "EXT 2001"]
[Source "ChessBase"]
[SourceDate "2000.11.22"]
[SourceVersion "1"]
[SourceVersionDate "2000.11.22"]
[SourceQuality "1"]

1. e4 g6 2. d4 Bg7 3. Be3 d6 4. c3 Nf6 5. f3 0-0 6. Bd3 b6 7. Ne2 c5 8. Qd2 Ba6 9. 0-0 c4 10. Bc2 Nbd7 11. d5 h5 12. Na3 b5 13. Nd4 Nc5 14. Naxb5 Qb6 15. a4 Nfd7 16. h3 Rfe8 17. Rfb1 Nf8 18. Qe2 Rac8 19. Nc6 Bxb5 20. axb5 Ra8 21. Qxc4 e6 22. dxe6 Rxe6 23. b4 Nfd7 24. bxc5 Nxc5 25. Ra6 Qb7 26. Bxc5 dxc5 27. Qxc5 Bf8 28. Qd5 Qc7 29. Ne7+ Rxe7 30. Rxg6+ Kh7 31. Qxh5+ 1-0

[Event "POL-chT disctrict"]
[Site "Slask"]
[Date "1996.??.??"]
[Round "?"]
[White "Kaula, Roman"]
[Black "Gradalski, Przemyslaw"]
[Result "1/2-1/2"]
[WhiteElo "2315"]
[BlackElo "2220"]
[PlyCount "24"]
[EventDate "1996.??.??"]
[EventType "team"]
[EventRounds "12"]
[EventCountry "POL"]
[SourceTitle "EXT 2001"]
[Source "ChessBase"]
[SourceDate "2000.11.22"]
[SourceVersion "1"]
[SourceVersionDate "2000.11.22"]
[SourceQuality "1"]

1. e4 e6 2. d4 d5 3. exd5 exd5 4. Nf3 Nf6 5. Bd3 Be7 6. 0-0 0-0 7. h3 Nbd7 8. Re1 c5 9. c3 Re8 10. Nbd2 c4 11. Bc2 b5 12. Ne5 Bb7 1/2-1/2

[Event "POL-ch U18"]
[Site "Brzeg Dolny"]
[Date "1995.??.??"]
[Round "3"]
[White "Wegner, Robert"]
[Black "Gradalski, Przemyslaw"]
[Result "0-1"]
[WhiteElo "2120"]
[BlackElo "2245"]
[PlyCount "68"]
[EventDate "1995.??.??"]
[EventType "swiss"]
[EventRounds "11"]
[EventCountry "POL"]
[SourceTitle "EXT 2001"]
[Source "ChessBase"]
[SourceDate "2000.11.22"]
[SourceVersion "1"]
[SourceVersionDate "2000.11.22"]
[SourceQuality "1"]

1. d4 d5 2. c4 c6 3. Nc3 Nf6 4. Nf3 dxc4 5. a4 Bg4 6. Ne5 Bh5 7. f3 Nfd7 8. Nxc4 e5 9. e4 Qh4+ 10. g3 Qf6 11. g4 exd4 12. Na2 Qh4+ 13. Kd2 Bg6 14. Kc2 c5 15. Bd3 Qe7 16. Bf4 Qe6 17. Qd2 Nc6 18. Rae1 f6 19. Bg3 Nde5 20. Nxe5 fxe5 21. b3 0-0-0 22. Kb2 Bd6 23. Rc1 Kb8 24. f4 exf4 25. Bxf4 Ne5 26. Bxe5 Qxe5 27. h4 Rhf8 28. h5 Be8 29. Rcf1 Bc6 30. Rf5 Rxf5 31. gxf5 Re8 32. h6 Re7 33. hxg7 Rxg7 34. Qe2 Bxe4 0-1

[Event "POL-ch U20 op"]
[Site "Biala Podlaska"]
[Date "1994.??.??"]
[Round "1"]
[White "Dobrowolski, Piotr"]
[Black "Gradalski, Przemyslaw"]
[Result "1-0"]
[WhiteElo "2320"]
[BlackElo "2250"]
[PlyCount "61"]
[EventDate "1994.08.19"]
[EventType "swiss"]
[EventRounds "11"]
[EventCountry "POL"]
[SourceTitle "EXT 2001"]
[Source "ChessBase"]
[SourceDate "2000.11.22"]
[SourceVersion "1"]
[SourceVersionDate "2000.11.22"]
[SourceQuality "1"]

1. e4 e6 2. d4 d5 3. Nc3 Nf6 4. Bg5 Be7 5. e5 Nfd7 6. h4 Bxg5 7. hxg5 Qxg5 8. Nh3 Qe7 9. Qg4 g6 10. Nf4 Nc6 11. 0-0-0 h5 12. Qh3 Nb6 13. Qe3 Bd7 14. g4 h4 15. Ng2 0-0-0 16. g5 Na5 17. b3 Rh5 18. f4 Qa3+ 19. Kb1 h3 20. Rxh3 Rxh3 21. Qxh3 Nac4 22. Bxc4 dxc4 23. Ne3 cxb3 24. cxb3 a5 25. Ne4 Nd5 26. Nd6+ Qxd6 27. exd6 Nc3+ 28. Kb2 Nxd1+ 29. Nxd1 cxd6 30. Qc3+ Bc6 31. Qxa5 1-0

[Event "POL-ch U20 op"]
[Site "Biala Podlaska"]
[Date "1994.??.??"]
[Round "4"]
[White "Gradalski, Przemyslaw"]
[Black "Lobejko, Rafal"]
[Result "0-1"]
[WhiteElo "2250"]
[BlackElo "2240"]
[PlyCount "62"]
[EventDate "1994.08.19"]
[EventType "swiss"]
[EventRounds "11"]
[EventCountry "POL"]
[SourceTitle "EXT 2001"]
[Source "ChessBase"]
[SourceDate "2000.11.22"]
[SourceVersion "1"]
[SourceVersionDate "2000.11.22"]
[SourceQuality "1"]

1. e4 d6 2. d4 Nf6 3. Nc3 g6 4. f4 Bg7 5. Nf3 c5 6. Bb5+ Bd7 7. e5 Ng4 8. e6 Bxb5 9. exf7+ Kd7 10. Nxb5 Qa5+ 11. Nc3 cxd4 12. Nxd4 h5 13. h3 Nc6 14. Nde2 Nh6 15. Be3 Nf5 16. Bf2 Raf8 17. 0-0 Rxf7 18. a3 Rc8 19. Qd3 Qa6 20. Qe4 Nd8 21. Rae1 Rc4 22. Qd3 Ne6 23. Ne4 Qc6 24. Ng5 Nxg5 25. fxg5 Be5 26. c3 a6 27. Nd4 Qd5 28. b3 Rxc3 29. Rxe5 dxe5 30. Qxc3 Nxd4 31. Qd3 Nf3+ 0-1

[Event "POL-ch U20 op"]
[Site "Biala Podlaska"]
[Date "1994.??.??"]
[Round "6"]
[White "Kempinski, Robert"]
[Black "Gradalski, Przemyslaw"]
[Result "1-0"]
[WhiteElo "2385"]
[BlackElo "2250"]
[PlyCount "57"]
[EventDate "1994.08.19"]
[EventType "swiss"]
[EventRounds "11"]
[EventCountry "POL"]
[SourceTitle "EXT 2001"]
[Source "ChessBase"]
[SourceDate "2000.11.22"]
[SourceVersion "1"]
[SourceVersionDate "2000.11.22"]
[SourceQuality "1"]

1. d4 d5 2. Nf3 Nf6 3. c4 c6 4. Nc3 e6 5. e3 Nbd7 6. Qc2 Bd6 7. g4 dxc4 8. Bxc4 b6 9. e4 c5 10. g5 Nh5 11. Be3 0-0 12. 0-0-0 cxd4 13. Nxd4 Bf4 14. Rhg1 g6 15. Ncb5 Bxe3+ 16. fxe3 Qe7 17. Nc7 Bb7 18. Nxa8 Rxa8 19. Nb5 Ne5 20. Nd6 a6 21. Be2 Ng7 22. Qc3 Nc6 23. Rgf1 Nd8 24. Kb1 Qxg5 25. Qc7 Qe5 26. Qxb6 Rb8 27. Ka1 Qxh2 28. Bxa6 Ne8 29. Nxb7 1-0

[Event "POL-ch U20 op"]
[Site "Biala Podlaska"]
[Date "1994.??.??"]
[Round "3"]
[White "Lupkowski, Edward"]
[Black "Gradalski, Przemyslaw"]
[Result "1/2-1/2"]
[WhiteElo "2090"]
[BlackElo "2250"]
[PlyCount "72"]
[EventDate "1994.08.19"]
[EventType "swiss"]
[EventRounds "11"]
[EventCountry "POL"]
[SourceTitle "EXT 2001"]
[Source "ChessBase"]
[SourceDate "2000.11.22"]
[SourceVersion "1"]
[SourceVersionDate "2000.11.22"]
[SourceQuality "1"]

1. e4 e6 2. d4 d5 3. exd5 exd5 4. c4 Nf6 5. Nc3 dxc4 6. Bxc4 Be7 7. Nge2 0-0 8. 0-0 Nbd7 9. Re1 Nb6 10. Bb3 Nbd5 11. Ng3 Be6 12. Qf3 Re8 13. Nf5 Bxf5 14. Nxd5 Qd7 15. Re5 Bg4 16. Nxe7+ Rxe7 17. Qxb7 Rxe5 18. dxe5 Re8 19. Be3 Rxe5 20. Qxa7 h6 21. Rc1 Re7 22. Qd4 Qxd4 23. Bxd4 Ne8 24. h3 Bd7 25. Rd1 Bb5 26. a4 Ba6 27. Bd5 Rd7 28. Bc6 Rd6 29. Bxe8 c5 30. Bb5 Bxb5 31. axb5 cxd4 32. Rd3 Rd5 33. b4 Rxb5 34. Rxd4 Kf8 35. Kf1 Re5 36. f4 Re3 1/2-1/2

[Event "POL-ch U20 op"]
[Site "Biala Podlaska"]
[Date "1994.??.??"]
[Round "8"]
[White "Protaziuk, Grzegorz"]
[Black "Gradalski, Przemyslaw"]
[Result "0-1"]
[WhiteElo "2260"]
[BlackElo "2250"]
[PlyCount "184"]
[EventDate "1994.08.19"]
[EventType "swiss"]
[EventRounds "11"]
[EventCountry "POL"]
[SourceTitle "EXT 2001"]
[Source "ChessBase"]
[SourceDate "2000.11.22"]
[SourceVersion "1"]
[SourceVersionDate "2000.11.22"]
[SourceQuality "1"]

1. e4 e6 2. d4 d5 3. e5 c5 4. c3 Nc6 5. Nf3 Bd7 6. a3 f6 7. Bd3 Qc7 8. 0-0 0-0-0 9. Qe2 Nge7 10. c4 cxd4 11. cxd5 Nxd5 12. Be4 Nxe5 13. Nxd4 Qb6 14. Bxd5 exd5 15. Be3 Nc4 16. b4 Nxe3 17. Qxe3 Bd6 18. Nc3 Be5 19. Rfd1 Bg4 20. f3 Rhe8 21. Qf2 Bh5 22. Na4 Qa6 23. Nc5 Qc4 24. Nce6 Qa6 25. Nxd8 Rxd8 26. Kh1 Kb8 27. a4 Rc8 28. Rac1 Rxc1 29. Rxc1 Qxa4 30. Qd2 Be8 31. Ne6 Qd7 32. Nc5 Qc6 33. f4 Bc7 34. f5 Qd6 35. g3 d4 36. Ne6 Bc6+ 37. Kg1 Qd5 38. Nxc7 Qh1+ 39. Kf2 Qxh2+ 40. Ke1 Qxg3+ 41. Qf2 Qxc7 42. Qxd4 Qg3+ 43. Qf2 Qe5+ 44. Kf1 Qb5+ 45. Kg1 Qxb4 46. Qg3+ Kc8 47. Rxc6+ bxc6 48. Qxg7 Qb1+ 49. Kh2 Qxf5 50. Qxa7 Qf4+ 51. Kh1 Qf3+ 52. Kh2 h5 53. Qh7 Qf4+ 54. Kh1 Qh4+ 55. Kg1 Qg5+ 56. Kh1 h4 57. Qc2 c5 58. Qc4 Kc7 59. Qc2 Qd5+ 60. Kh2 Qe5+ 61. Kh1 f5 62. Qa2 Qe4+ 63. Kh2 c4 64. Qa4 Kd6 65. Qa7 Ke5 66. Qc7+ Kd4 67. Qd6+ Ke3 68. Qc5+ Kf4 69. Qf2+ Kg5 70. Qa7 Qe2+ 71. Kh1 h3 72. Qg7+ Kh4 73. Qh6+ Qh5 74. Qf6+ Qg5 75. Qh8+ Kg4 76. Qxh3+ Kf4 77. Qf1+ Ke5 78. Qxc4 Qe3 79. Qc7+ Ke4 80. Qc6+ Kf4 81. Qh6+ Kf3 82. Qh5+ Ke4 83. Qe8+ Kf4 84. Qf8 Qe4+ 85. Kg1 Kf3 86. Qg8 Qg4+ 87. Qxg4+ fxg4 88. Kh2 Kf2 89. Kh1 Kg3 90. Kg1 Kh3 91. Kh1 g3 92. Kg1 g2 0-1

[Event "Marijampole op"]
[Site "Marijampole"]
[Date "1994.??.??"]
[Round "8"]
[White "Zvara, Petr"]
[Black "Gradalski, Przemyslaw"]
[Result "0-1"]
[WhiteElo "2315"]
[BlackElo "2225"]
[PlyCount "66"]
[EventDate "1994.??.??"]
[EventType "swiss"]
[EventRounds "9"]
[EventCountry "LTU"]
[SourceTitle "EXT 1997"]
[Source "ChessBase"]
[SourceDate "1996.11.15"]
[SourceVersion "1"]
[SourceVersionDate "1996.11.15"]
[SourceQuality "1"]

1. e4 e6 2. d4 d5 3. Nd2 Nc6 4. c3 e5 5. Ngf3 dxe4 6. Nxe4 exd4 7. Bc4 Be6 8. Bxe6 fxe6 9. 0-0 Qd7 10. cxd4 0-0-0 11. Bg5 Be7 12. Bxe7 Ngxe7 13. Nc5 Qd5 14. Re1 e5 15. Qa4 a6 16. Rad1 Nf5 17. Nxe5 Ncxd4 18. Ned3 Nh4 19. Re4 Qg5 20. g3 Nhf3+ 21. Kg2 Qh5 22. h3 Ng5 23. Rh4 Qf3+ 24. Kh2 Qd5 25. Rf4 Rhf8 26. Nb3 Ngf3+ 27. Kh1 Nh4+ 28. f3 Rxf4 29. Nxf4 Qxf3+ 30. Kh2 Qxd1 31. gxh4 Nxb3 32. axb3 Qd2+ 33. Ng2 Qxb2 0-1